Zeitschrift für allgemeine Wissenschaftstheorie : Journal for general philosophy of science.

Bibliographic Details
New Title:Journal for general philosophy of science (Online)
Format: Journal
Language:German
English
Language Notes:German and English, -1989.
Published: Wiesbaden : F. Steiner Verlag, [1970-1989]
Subjects:
Online Availability: Check for online availability

MARC

Tag First Indicator Second Indicator Subfields
LEADER 00000cas a2200000Ka 4500
001 in00002786862
005 20151202172139.0
006 m o d
007 cr |||||||||||
008 730907d19701989gw fx poo 0 b0ger d
016 7 |a 100970303  |2 DNLM 
019 |a 607719730 
022 |y 0044-2216  |l 0044-2216 
029 0 |a NZ1  |b 13119319 
029 1 |a AU@  |b 000044944724 
029 1 |a AU@  |b 000045729263 
029 1 |a NZ1  |b 13997692 
030 |a ZAWTA2 
035 |a (OCoLC)ocn465696532 
035 |a (OCoLC)465696532  |z (OCoLC)607719730 
040 |a Nz  |c UX0  |d CUD  |d OCLCE  |d OCLCQ  |d TXA  |d UtOrBLW 
041 0 |a ger  |a eng 
049 |a TXAM 
050 0 0 |a Q3  |b .Z32 Electronic 
082 0 4 |a 501 
245 0 0 |a Zeitschrift für allgemeine Wissenschaftstheorie :  |b Journal for general philosophy of science. 
246 1 1 |a Journal for general philosophy of science 
264 1 |a Wiesbaden :  |b F. Steiner Verlag,  |c [1970-1989] 
310 |a Tow no. a year 
336 |a text  |b txt  |2 rdacontent 
337 |a computer  |b c  |2 rdamedia 
338 |a online resource  |b cr  |2 rdacarrier 
362 1 |a Began with: Bd. 1, [Heft 1] (1970); ceased with: Bd. 20, [Heft 2] (1989). 
546 |a German and English, -1989. 
588 |a Description based on: Bd. 1, [Heft 1] (1970); title from PDF vol. page (JSTOR, viewed Dec. 19, 2012). 
588 |a Latest issue consulted: Bd. 20, [Heft 2] (1989) (JSTOR, viewed Dec. 19, 2012). 
500 |a Electronic resource. 
650 0 |a Science  |x Philosophy  |v Periodicals. 
650 1 7 |a Natuurwetenschappen.  |2 gtt 
650 1 7 |a Filosofie.  |2 gtt 
650 1 7 |a Wetenschapsfilosofie.  |2 gtt 
776 0 8 |i Print version:  |t Zeitschrift für allgemeine Wissenschaftstheorie  |x 0044-2216  |w (DLC) 79286298  |w (OCoLC)1800152 
785 0 0 |t Journal for general philosophy of science (Online)  |w (OCoLC)61677407 
948 |a cataloged  |b h  |c 2012/12/19  |d c  |e spoltoratski  |f 11:21:25 am  |g NCF 
994 |a C0  |b TXA 
999 |a MARS 
999 f f |s d91aa765-4f49-3a47-86ac-7471a039f346  |i 1a4caea3-492a-3164-9de0-575986b41b9d  |t 0 
952 f f |a Texas A&M University  |b College Station  |c Electronic Resources  |d Available Online  |t 0  |e Q3 .Z32  |g Electronic  |h Library of Congress classification 
998 f f |a Q3 .Z32  |t 0  |l Available Online